Marketing research /

Guardat en:
Dades bibliogràfiques
Autor principal: Cooper, Donald R.
Altres autors: Schindler, Pamela S.
Format: Llibre
Idioma:English
Publicat: New York : McGraw-Hill/Irwin, c2006.
Edició:1st ed.
Col·lecció:The McGraw-Hill/Irwin series in marketing
Matèries:
Etiquetes: Afegir etiqueta
Sense etiquetes, Sigues el primer a etiquetar aquest registre!
Thư viện lưu trữ: Mạng thư viện Đại học Đà Nẵng
LEADER 01187cam a22003371a 4500
001 000033428
003 9592
005 20210317155814.0
008 151016s2006 000 eng
020 |a 0072837861 (alk. paper) 
040 |a lnn  |c lnn  |d lnn 
082 0 0 |a 658.8  |b CO-D 
100 1 |a Cooper, Donald R. 
245 1 0 |a Marketing research /  |c Donald R. Cooper, Pamela S. Schindler. 
250 |a 1st ed. 
260 |a New York :  |b McGraw-Hill/Irwin,  |c c2006. 
300 |a xix, 790 p. :  |b ill. ;  |c 28 cm. 
440 4 |a The McGraw-Hill/Irwin series in marketing 
504 |a Includes bibliographical references (p. 726-749) and indexes. 
650 0 |a Marketing research. 
700 1 |a Schindler, Pamela S. 
OWN |a LNN 
902 |a TKA 
AVA |a UDN50  |b LNN  |c English  |d 420.33 CO-D  |e available  |t Error 5001 Not defined in file expand_doc_bib_avail.  |f 1  |g 0  |h N  |i 0  |j AN  |k 1 
999 |a From the UDN01 
AVA |a UDN50  |b LNN  |c English  |d 420.33 CO-D  |e available  |t Error 5001 Not defined in file expand_doc_bib_avail.  |f 1  |g 0  |h N  |i 0  |j AN  |k 1 
TYP |a Monograph 
980 |a Mạng thư viện Đại học Đà Nẵng